000 00434nam a2200157Ia 4500
008 240729s9999 xx 000 0 und d
022 _a2768-4202
245 4 _aThe American Journal of Combinatorics
260 _aUnited States
260 _bAmerican Journal of Combinatorics
650 _a Mathematics
650 _aScience
856 _uhttps://doaj.org/toc/0a37b7172b9c4c1ba5ae25e11be98b4b
942 _2ddc
942 _cDOAJEJ
999 _c67314
_d67314
945 _a1
_bMadushi Gamage
_c1
_dMadushi Gamage